Welcome to the Holygrace Academy Library

Please use search bar below to get started

SECONDARY SCHOOL MATHEMATICS (Record no. 762)

MARC details
000 -LEADER
fixed length control field 00311nam a22001217a 4500
020 ## - INTERNATIONAL STANDARD BOOK NUMBER
ISBN 81-7709-775-X
082 ## - DEWEY DECIMAL CLASSIFICATION NUMBER
Classification number 510
Item number AGA/S
100 ## - MAIN ENTRY--AUTHOR NAME
Personal name R.S.AGGARWAL, V AGGARWAL
245 ## - TITLE STATEMENT
Title SECONDARY SCHOOL MATHEMATICS
Remainder of title FOR CLASS X
260 ## - PUBLICATION, DISTRIBUTION, ETC. (IMPRINT)
Place of publication DELHI
Name of publisher BHARATI BHAWAN
Year of publication 2007
650 ## - SUBJECT ADDED ENTRY--TOPICAL TERM
Topical Term MATHS FOR CLASS X
Geographic subdivision INDIA
942 ## - ADDED ENTRY ELEMENTS (KOHA)
Koha item type Books
Holdings
Withdrawn status Lost status Collection code Home library Current library Shelving location Date acquired Source of acquisition Cost, normal purchase price Full call number Accession Number Koha item type
    Reference Main Library Main Library SHELF-8 B CLASS X-MATHS 31/10/2007 purchase 130.00 510 AGA/S 04232 Books
    Reference Main Library Main Library SHELF-8 B CLASS X-MATHS 24/10/2019 purchase 440.00 510 AGA/S 11643 Books